01327 2200373 4500001002100000005001500021035002000036007000300056008004100059020002200100040002200122082001500144084001700159090002200176100003900198245023200237250003500469300003100504650002200535700002900557700002700586700004100613700003000654700003500684700002800719850001200747504003300759264004300792336002100835337003000856338002300886999002200909990002200931INLIS00000000088577320240419083606 a0010-0424000400ta240419s2023 yoi g ind d a978-623-190-681-6 aYOPDYOGbinderda04223a610.28 a610.28 VER e aCB-D.11 2023-46040 aVeronika Ika Budiastutiepengarang10aEtika biomedis untuk mahasiswa kedokteran /cVeronika Ika Budiastuti, Yunia Hastami, Hari Wujuso, Ratih Puspita Febrinasari, Adji Suwandono, Novianto Adi Nugroho, Dian Nugroho; penyunting, Veronika Ika Budiastuti, Yunia Hastami aCetakan pertama, Desember 2023 aviii, 150 halaman ;c23 cm 4aRekayasa biomedis0 aYunia Hastamiepengarang0 aHari Wujusoepengarang0 aRatih Puspita Febrinasariepengarang0 aAdji Suwandonoepengarang0 aNovianto Adi Nugrohepengarang0 aDian Nugrohoepengarang aYOPDYOG aBibliografi: halaman 137-14431aSleman :bBintang Semesta Media,c2023 2rdacontentateks 2rdamediaatanpa perantara 2rdacarrieravolume aCB-D.11/2023-4604 aCB-D.11/2023-4604